El campo. Libro escolar de Lectura para un tercer grado.

Gespeichert in:
Bibliographische Detailangaben
1. Verfasser: Ediciones Iberoamericanas. Autoría
Format: keine Angabe
Sprache:Spanisch
Erschienen: Madrid Ediciones Iberoamericanas, S.A. 1964
Katalog:MANES:  Suchergebnis im Bibliothekskatalog
Schulbuchspezifische Eigenschaften:
Tags: Tag hinzufügen
Keine Tags, Fügen Sie den ersten Tag hinzu!
Hinzugefügt zu:26.04.2016
Geändert in:07.05.2025

MARC

LEADER 000000000a22000000004500
001 07031
003 OSt
005 20250507133310.0
008 160427s sp ||||| |||| 00| 0 spa d
040 |c centro_manes 
041 1 |a spa 
561 |5 es-CICE  |a España. Centro Internacional de la Cultura Escolar  |k MANES 
691 0 |a PRI 
100 1 |a Ediciones Iberoamericanas. Autoría  |9 3274 
245 0 0 |a El campo. Libro escolar de Lectura para un tercer grado. 
260 3 |a Madrid  |b Ediciones Iberoamericanas, S.A.  |c 1964 
300 |a 94 p.  |c 20 x 14 cm 
500 |a Aprobada por el M.E.N. (O.M. del 13 de Mayo de 1964). 
690 0 |a EyL 
942 |2 ddc  |c BK 
546 |a España 
999 |c 13005  |d 13005 
999 |c manes:13005  |d 13005